000 00328nam a2200121Ia 4500
008 191201s2003 xx 000 0 und d
100 _aKUMAR, Virendra
245 0 _aDigital Technology: Principles and Practice
260 _aN.Delhi
_bNew Age International Pub
_c2003
300 _a674
650 _aB.Tech(ECE)
942 _2ddc
_cBK
999 _c2137
_d2137